000 00673nam a2200277Ia 4500
005 20260324130044.0
008 008 260324s9999 xx 000 0 eng d
020 _a9781315238395
037 _aEBOOK
040 _aCRL
040 _beng
040 _cCRL
041 _2eng
041 _aeng
084 _qCRL
100 _aDonald Prudlo
_91180346
245 4 _aThe Martyred Inquisitor: The Life and Cult of Peter of Verona (†1252)
260 _bTaylor and Francis
260 _c2008
365 _a
365 _b240
856 _uhttp://www.taylorfrancis.com/books/9781315238395
942 _cEBOOK
999 _c1776152
_d1776152